Last 10 First Ladies Of The USA - Statistics

General Stats
  • This quiz has been taken 99 times
  • The average score is 8 of 10
Answer Stats
Years Answer % Correct
2009-2017 Michelle Obama
96%
1989-1993 Barbara Bush
95%
2001-2009 Laura Bush
91%
1981-1989 Nancy Reagan
90%
1993-2001 Hilary Clinton
87%
1974-1977 Betty Ford
79%
1963-1969 Claudia Johnson
73%
1977-1981 Eleanor Carter
73%
1969-1974 Thelma Nixon
73%
2017-Present Melanija Trump
71%
No matching quizzes found
Score Distribution
Percent of People with Each Score
Percentile by Number Answered
Your Score History
You have not taken this quiz